000 00621nam a2200229Ia 4500
003 OSt
005 20220918222254.0
006 a|||||r|||| 00| 0
007 ta
008 220917b |||||||| |||| 00| 0 eng d
024 _a216,309
037 _cTextual
040 _aARTS
_cARTS
_beng
041 _2eng
_aeng
082 _aY:4353:5(J).1.P, P1
245 0 _aGeopolitics of hunger, 2000-2001
_b hunger and power
260 _aLondon
_bLynne Rienner publishers
_c2001
300 _axiv, 354p
_ccm.
650 _aSOCIOLOGY
942 _hY:4353:5(J).1.P, P1
_cTEXL
_2CC
999 _c275052
_d275052